| 000 | 01027nam a22002537a 4500 | ||
|---|---|---|---|
| 005 | 20121010141910.0 | ||
| 008 | 121010t xxu||||| |||| 00| 0 mar d | ||
| 010 | _aMAR-22984 | ||
| 020 |
_c65.00 _a8186153314 |
||
| 035 | _aMR-15642 | ||
| 037 | _bDBAD/PUB | ||
| 040 |
_aDPL _bMR |
||
| 082 | _a891.461 | ||
| 100 |
_953016 _aओगले, मनोरमा |
||
| 245 |
_aमधुमालती / _cमनोरमा ओगले |
||
| 246 |
_aMadhumalti _bby Manorama Ogale |
||
| 260 |
_aपुणे _bअनंत प्रकाशन _c2012 |
||
| 270 |
_bपुणे _a149, शनिवार पेठ, _e411030 |
||
| 300 |
_a68पृ _c21सेमी(अजिल्द) |
||
| 650 |
_aमराठी कवितासंग्रह _954938 |
||
| 650 |
_aMarathi Poetry _954939 |
||
| 942 |
_2ddc _cMR _mओगले _h891.461 |
||
| 999 |
_c73179 _d73179 |
||